The uses of literacy : aspects of working-class life with special reference to publications and environments

Αποθηκεύτηκε σε:
Λεπτομέρειες βιβλιογραφικής εγγραφής
Κύριος συγγραφέας: Hoggart, Richard, 1918-2014
Μορφή: Βιβλίο
Γλώσσα:English
Δημοσίευση: London : Penguin Books in association with Chatto & Windus, c1991
Θέματα:
Ετικέτες: Προσθήκη ετικέτας
Δεν υπάρχουν, Καταχωρήστε ετικέτα πρώτοι!

MARC

LEADER 00000cam a2200000 i 4500
001 1/13379
008 001127s1991 eng d
020 |a 0-14-017069-3 
035 |l 10064598 
040 |a GR-MY-UA  |b gre  |e aacr 
041 0 |a eng 
082 0 |a 302.23086230942 
100 1 |a Hoggart, Richard,   |d 1918-2014. 
245 1 4 |a The uses of literacy :  |b aspects of working-class life with special reference to publications and environments /  |c Richard Hoggart 
260 |a London :   |b Penguin Books in association with Chatto & Windus,   |c c1991 
300 |a 406 p. 
650 0 0 |a Labor movement  |z Great Britain. 
650 0 0 |a Recreation  |z Great Britain. 
650 0 0 |a Literacy  |z Great Britain. 
650 0 0 |a Working class  |z Great Britain  |x History  |y 20th century. 
650 0 0 |a Mass media  |x Social aspects  |z Great Britain  |x History  |y 20th century. 
650 0 0 |a Popular culture  |z Great Britain  |x History  |y 20th century. 
651 0 |a Great Britain  |x Intellectual life. 
852 |a INST  |b LESVOS  |e 20001127  |h 302.23086230942 HOG  |p 005100025486  |q 005100025486  |t BK  |y 0 
901 |a BIBL1-2000-3 
909 |a Λ  |b 082593 
970 |a ΤΖΑΦΕΡΗ  |b ΕΥΑΓΓΕΛΙΑ  |z 2000/11/27